[Event "CAN-op"]
[Site "Winnipeg CAN"]
[Date "1997.07.13"]
[Round "2"]
[White "Castaneda, Nelson"]
[Black "Lauritson, Jim"]
[Result "1-0"]
[WhiteElo "2382"]
[BlackElo "2073"]
[PlyCount "99"]
[GameId "2160767911932541"]
[EventDate "1997.07.12"]
[EventType "swiss"]
[EventRounds "10"]
[EventCountry "CAN"]
[SourceTitle "EXP 60"]
[Source "ChessBase"]
[SourceDate "1997.11.24"]
[SourceVersion "1"]
[SourceVersionDate "1997.11.24"]
[SourceQuality "1"]

1. e4 c5 2. Nf3 e6 3. d4 cxd4 4. Nxd4 a6 5. Bd3 Nf6 6. O-O Qc7 7. Nc3 Nc6 8. Be3 b6 9. Nxc6 Qxc6 10. Qe2 Bb7 11. f3 d6 12. a4 Be7 13. a5 Bd8 14. axb6 Bxb6 15. Ra3 Bxe3+ 16. Qxe3 O-O 17. Rfa1 Nd7 18. Na4 d5 19. exd5 exd5 20. Rc3 Qd6 21. Qd4 Rfe8 22. Bf5 Bc8 23. Be4 Bb7 24. Rd1 Nf6 25. Bd3 Re7 26. Nc5 Rae8 27. Nxb7 Rxb7 28. Ra3 Qb6 29. Qxb6 Rxb6 30. b3 Rc8 31. Rda1 g6 32. Rxa6 Rxa6 33. Rxa6 Kg7 34. Ra7 Rb8 35. Kf2 Rb4 36. Ke3 g5 37. g3 h5 38. Kd2 d4 39. Bc4 g4 40. Bxf7 Kh6 41. f4 Rb6 42. Kd3 Rd6 43. b4 Nd7 44. Ra5 Nf6 45. Re5 Rd7 46. Bc4 Rd8 47. b5 Kg6 48. b6 Rd7 49. Rg5+ Kh6 50. Rb5 1-0

[Event "CAN-op"]
[Site "Winnipeg CAN"]
[Date "1997.07.13"]
[Round "2"]
[White "Ditt, Egon"]
[Black "Costales, Servillano"]
[Result "1-0"]
[WhiteElo "2250"]
[BlackElo "1764"]
[PlyCount "95"]
[GameId "2160767911932542"]
[EventDate "1997.07.12"]
[EventType "swiss"]
[EventRounds "10"]
[EventCountry "CAN"]
[SourceTitle "EXP 60"]
[Source "ChessBase"]
[SourceDate "1997.11.24"]
[SourceVersion "1"]
[SourceVersionDate "1997.11.24"]
[SourceQuality "1"]

1. c4 e6 2. Nc3 c5 3. e4 a6 4. g3 Nc6 5. Bg2 Nf6 6. Nge2 Ne5 7. d3 d6 8. O-O Be7 9. h3 Rb8 10. f4 Nc6 11. Be3 Qc7 12. Rc1 Bd7 13. d4 cxd4 14. Nxd4 O-O 15. Nd5 Qd8 16. Nxe7+ Qxe7 17. Nb3 Rfc8 18. Qd2 Be8 19. Rfd1 Rd8 20. Bb6 Rd7 21. Rc3 Rc8 22. Rd3 Nb8 23. Na5 Nc6 24. b3 Nxa5 25. Bxa5 b5 26. cxb5 axb5 27. Bb4 Qd8 28. Rxd6 Rxd6 29. Qxd6 Qxd6 30. Rxd6 h6 31. e5 Nh5 32. Kf2 Kh7 33. Be4+ g6 34. Kf3 Ng7 35. g4 Rc1 36. Ke3 Ra1 37. Rd2 Re1+ 38. Re2 Rxe2+ 39. Kxe2 Bd7 40. Kd3 Ne8 41. Kd4 Kg7 42. Kc5 f6 43. Bc3 f5 44. gxf5 gxf5 45. Bxf5 Nc7 46. Be4 Ne8 47. f5 Kf7 48. f6 1-0

[Event "CAN-op"]
[Site "Winnipeg CAN"]
[Date "1997.07.13"]
[Round "2"]
[White "Gardner, Robert"]
[Black "Hjartarson, Johann"]
[Result "1/2-1/2"]
[WhiteElo "2305"]
[BlackElo "2585"]
[PlyCount "153"]
[GameId "2160767911932543"]
[EventDate "1997.07.12"]
[EventType "swiss"]
[EventRounds "10"]
[EventCountry "CAN"]
[SourceTitle "EXP 60"]
[Source "ChessBase"]
[SourceDate "1997.11.24"]
[SourceVersion "1"]
[SourceVersionDate "1997.11.24"]
[SourceQuality "1"]

1. e4 e6 2. d4 d5 3. Nd2 Nf6 4. e5 Nfd7 5. f4 c5 6. c3 Nc6 7. Ndf3 Qb6 8. g3 f5 9. Ne2 Be7 10. Bg2 O-O 11. O-O a5 12. h3 Ndb8 13. g4 Na6 14. Ng3 cxd4 15. cxd4 Nc7 16. Kh1 Bd7 17. Rf2 Be8 18. Be3 Bg6 19. gxf5 exf5 20. Qg1 Ne6 21. Rd1 a4 22. Bf1 a3 23. b3 Nb4 24. h4 h6 25. Bh3 Rac8 26. Rdd2 Rc3 27. Ne2 Rxe3 28. Qxg6 Nd3 29. Rxd3 Rxd3 30. Bxf5 Rxf5 31. Qxf5 Qa6 32. Qg4 Rxb3 33. axb3 a2 34. Rf1 a1=Q 35. Rxa1 Qxa1+ 36. Kg2 Nf8 37. f5 Qb2 38. Kf2 Kh7 39. f6 gxf6 40. exf6 Bxf6 41. Qf5+ Kg7 42. Qxd5 Ng6 43. Qxb7+ Kg8 44. h5 Ne7 45. d5 Qa3 46. b4 Qd3 47. Qb8+ Kh7 48. d6 Nf5 49. Qa7+ Kg8 50. d7 Bd8 51. Qa2+ Kg7 52. Qe6 Nd6 53. Nfd4 Ne4+ 54. Kg2 Nf6 55. Nf5+ Kf8 56. Nxh6 Qxd7 57. Qxd7 Nxd7 58. Nf5 Nf6 59. Nf4 Kf7 60. Kf3 Bc7 61. b5 Bb6 62. Ne3 Ba5 63. Ned5 Ne8 64. Kg4 Kg7 65. Ne6+ Kh6 66. Nd4 Nd6 67. Ne7 Kh7 68. Nef5 Ne4 69. Ng3 Nf6+ 70. Kf5 Nd5 71. Ke5 Nc3 72. Ngf5 Bc7+ 73. Ke6 Bb6 74. Nf3 Nxb5 75. Ng5+ Kg8 76. h6 Nd4+ 77. Nxd4 1/2-1/2

[Event "CAN-op"]
[Site "Winnipeg CAN"]
[Date "1997.07.13"]
[Round "2"]
[White "Gentes, Kevin"]
[Black "Brodie, Hugh"]
[Result "1-0"]
[WhiteElo "2385"]
[BlackElo "2080"]
[PlyCount "81"]
[GameId "2160767911932544"]
[EventDate "1997.07.12"]
[EventType "swiss"]
[EventRounds "10"]
[EventCountry "CAN"]
[SourceTitle "EXP 60"]
[Source "ChessBase"]
[SourceDate "1997.11.24"]
[SourceVersion "1"]
[SourceVersionDate "1997.11.24"]
[SourceQuality "1"]

1. Nf3 e6 2. g3 f5 3. Bg2 Nf6 4. c4 Be7 5. b3 O-O 6. O-O c5 7. Bb2 Nc6 8. Nc3 d6 9. d4 Qd7 10. d5 exd5 11. Nxd5 Nxd5 12. Qxd5+ Kh8 13. Qd2 Qe6 14. Ng5 Qg6 15. Nh3 Be6 16. Nf4 Qf7 17. Bf3 Ne5 18. Bxb7 Rad8 19. Bd5 Bxd5 20. Qxd5 Qxd5 21. Nxd5 Rfe8 22. Rad1 Nf7 23. Nc7 Rg8 24. Rfe1 Rb8 25. Rd5 Nh6 26. e4 f4 27. Rh5 Ng4 28. Nd5 Nf6 29. Bxf6 Bxf6 30. Nxf6 gxf6 31. Rf5 fxg3 32. hxg3 Kg7 33. Rd5 Rb6 34. Red1 Ra6 35. R1d2 Re8 36. Rxd6 Rxd6 37. Rxd6 Rxe4 38. Rd7+ Kg6 39. Rxa7 h5 40. Ra5 Re5 41. Kg2 1-0

[Event "CAN-op"]
[Site "Winnipeg CAN"]
[Date "1997.07.13"]
[Round "2"]
[White "Gorelik, Lev"]
[Black "Shpan, Mike"]
[Result "1/2-1/2"]
[WhiteElo "2248"]
[BlackElo "1740"]
[PlyCount "83"]
[GameId "2160767911932545"]
[EventDate "1997.07.12"]
[EventType "swiss"]
[EventRounds "10"]
[EventCountry "CAN"]
[SourceTitle "EXP 60"]
[Source "ChessBase"]
[SourceDate "1997.11.24"]
[SourceVersion "1"]
[SourceVersionDate "1997.11.24"]
[SourceQuality "1"]

1. e4 d5 2. exd5 Qxd5 3. Nc3 Qe5+ 4. Qe2 Qxe2+ 5. Bxe2 c6 6. d4 Bf5 7. Bd1 Na6 8. Be3 Nf6 9. Nge2 e6 10. Ng3 Bg6 11. O-O h5 12. f3 h4 13. Nge4 Be7 14. Nxf6+ gxf6 15. Ne4 b6 16. c4 Rh5 17. f4 Rh8 18. Bf3 Rc8 19. a3 Nb8 20. b4 a5 21. bxa5 Bxe4 22. Bxe4 f5 23. Bf3 bxa5 24. Rfe1 Nd7 25. d5 cxd5 26. cxd5 Nc5 27. Rac1 Kd7 28. dxe6+ Nxe6 29. Red1+ Bd6 30. Rb1 Rb8 31. Rb6 Rxb6 32. Bxb6 Ke7 33. Bxa5 Bxa3 34. Bc3 Rc8 35. Be5 f6 36. Bb7 Rc1 37. Bd6+ Kf7 38. Rxc1 Bxc1 39. g3 Kg6 40. Kf2 hxg3+ 41. hxg3 Bb2 42. Bd5 1/2-1/2

[Event "CAN-op"]
[Site "Winnipeg CAN"]
[Date "1997.07.13"]
[Round "2"]
[White "Huber, Gregory"]
[Black "Shabalov, Alexander"]
[Result "0-1"]
[WhiteElo "2260"]
[BlackElo "2585"]
[PlyCount "54"]
[GameId "2160767911932547"]
[EventDate "1997.07.12"]
[EventType "swiss"]
[EventRounds "10"]
[EventCountry "CAN"]
[SourceTitle "CBM 060 Extra"]
[Source "ChessBase"]
[SourceDate "1997.11.04"]
[SourceVersion "1"]
[SourceVersionDate "1997.11.04"]
[SourceQuality "1"]

1. e4 Nf6 2. Nc3 d5 3. e5 Nfd7 4. d4 c5 5. Nxd5 cxd4 6. Qxd4 Nc6 7. Qe4 Nc5 8. Qc4 e6 9. Nc3 Nxe5 10. Qe2 Nc6 11. Nf3 Be7 12. g3 b5 13. Bg2 b4 14. Ne5 Nd4 15. Qd1 Ba6 16. Be3 bxc3 17. Bxd4 cxb2 18. Bc6+ Kf8 19. Rb1 Qa5+ 20. c3 Rd8 21. Qf3 Nd3+ 22. Nxd3 Rxd4 23. Nf4 Qxa2 24. Be4 Bb7 25. cxd4 Qxb1+ 26. Bxb1 Bxf3 27. Rg1 Bb4+ 0-1

[Event "CAN-op"]
[Site "Winnipeg CAN"]
[Date "1997.07.13"]
[Round "2"]
[White "Iomdina, Bella"]
[Black "Gannon, Keith"]
[Result "1/2-1/2"]
[WhiteElo "1904"]
[BlackElo "1667"]
[PlyCount "171"]
[GameId "2160767911932548"]
[EventDate "1997.07.12"]
[EventType "swiss"]
[EventRounds "10"]
[EventCountry "CAN"]
[SourceTitle "EXP 60"]
[Source "ChessBase"]
[SourceDate "1997.11.24"]
[SourceVersion "1"]
[SourceVersionDate "1997.11.24"]
[SourceQuality "1"]

1. d4 d5 2. c4 e6 3. cxd5 exd5 4. Nc3 Nf6 5. Bg5 Be7 6. e3 Nc6 7. Bd3 a6 8. a3 Bd7 9. Bxf6 Bxf6 10. Nxd5 O-O 11. Qc2 g6 12. Nxf6+ Qxf6 13. Nf3 Bg4 14. Be2 Rfe8 15. O-O Bf5 16. Bd3 Bxd3 17. Qxd3 Rad8 18. Rac1 Qd6 19. Rc2 Ne5 20. Nxe5 Rxe5 21. Qc3 Re7 22. Rfc1 c6 23. Qc5 Qxc5 24. Rxc5 Kg7 25. Kf1 Rdd7 26. R5c3 h5 27. Rd1 Re6 28. Rcd3 Red6 29. Ke2 Rd8 30. R1d2 R6d7 31. Rb3 Re8 32. Rdd3 Ree7 33. Rd1 f6 34. Rbd3 Rd5 35. Rb3 c5 36. dxc5 Rxc5 37. Rbd3 Rc2+ 38. R1d2 Rxd2+ 39. Rxd2 Kf7 40. Rd8 Ke6 41. Rg8 Kf7 42. Rh8 Kg7 43. Rd8 Rc7 44. Rd4 Rc2+ 45. Rd2 Rc7 46. e4 Kf7 47. Ke3 Re7 48. f4 Rc7 49. Rd8 b5 50. Rd6 Rc2 51. Rd2 Rc6 52. h3 Ke7 53. Kf3 Ke6 54. g4 hxg4+ 55. hxg4 Rc4 56. Ke3 Rc1 57. f5+ gxf5 58. gxf5+ Ke7 59. Kd3 Rc6 60. Rc2 Rd6+ 61. Ke3 Kf7 62. Rc7+ Kf8 63. Rc5 Kf7 64. Rd5 Rc6 65. Kd3 Ke7 66. Rd4 Rc1 67. Kd2 Rc5 68. a4 bxa4 69. Rxa4 a5 70. Rd4 Rb5 71. Kc3 Rc5+ 72. Kb3 Rb5+ 73. Ka3 Re5 74. Ka4 Rc5 75. b3 Re5 76. Rd5 Rxe4+ 77. Kxa5 Re5 78. Rxe5+ fxe5 79. Kb5 Kf6 80. Kc4 Kxf5 81. Kd3 e4+ 82. Ke3 Ke5 83. b4 Kd5 84. Kd2 Kc4 85. b5 Kxb5 86. Ke3 1/2-1/2

[Event "CAN-op"]
[Site "Winnipeg CAN"]
[Date "1997.07.13"]
[Round "2"]
[White "Kim, Phillip"]
[Black "Ross, Dave"]
[Result "0-1"]
[WhiteElo "2108"]
[BlackElo "2419"]
[PlyCount "58"]
[GameId "2160767911932549"]
[EventDate "1997.07.12"]
[EventType "swiss"]
[EventRounds "10"]
[EventCountry "CAN"]
[SourceTitle "EXP 60"]
[Source "ChessBase"]
[SourceDate "1997.11.24"]
[SourceVersion "1"]
[SourceVersionDate "1997.11.24"]
[SourceQuality "1"]

1. e4 e6 2. d4 d5 3. e5 c5 4. c3 Nc6 5. Nf3 Bd7 6. a3 Qb6 7. b4 cxd4 8. cxd4 Rc8 9. Bb2 Na5 10. Nbd2 Nc4 11. Bxc4 dxc4 12. Bc3 Ne7 13. Ne4 Nd5 14. Qd2 Bc6 15. Ng3 Rd8 16. O-O h5 17. Ne2 g6 18. Rac1 h4 19. h3 Rh5 20. Ng5 Bh6 21. f4 Nxf4 22. Qxf4 Rd7 23. Qf6 Rxg5 24. Nf4 Rxd4 25. Bxd4 Qxd4+ 26. Kh1 Qxe5 27. Qxe5 Rxe5 28. Rc2 Re3 29. Ne2 Rxh3+ 0-1

[Event "CAN-op"]
[Site "Winnipeg CAN"]
[Date "1997.07.13"]
[Round "2"]
[White "Kollar, Frank"]
[Black "Vera, Reynaldo"]
[Result "0-1"]
[WhiteElo "2250"]
[BlackElo "2530"]
[PlyCount "54"]
[GameId "2160767911932551"]
[EventDate "1997.07.12"]
[EventType "swiss"]
[EventRounds "10"]
[EventCountry "CAN"]
[SourceTitle "CBM 060 Extra"]
[Source "ChessBase"]
[SourceDate "1997.11.04"]
[SourceVersion "1"]
[SourceVersionDate "1997.11.04"]
[SourceQuality "1"]

1. e4 c5 2. Nc3 e6 3. f4 Ne7 4. Nf3 Nec6 5. b3 Nd4 6. Nxd4 cxd4 7. Nb5 Nc6 8. Bb2 Bc5 9. Qh5 d6 10. Bd3 a6 11. Na3 b5 12. O-O Bb7 13. Kh1 Nb4 14. Qg4 g6 15. Qe2 Qe7 16. Nb1 f5 17. a4 Nxd3 18. cxd3 b4 19. Qf2 Qg7 20. Rc1 O-O 21. e5 Rac8 22. exd6 Bxd6 23. Rc4 e5 24. a5 g5 25. fxe5 Qxe5 26. Qg1 f4 27. Bxd4 f3 0-1

[Event "CAN-op"]
[Site "Winnipeg CAN"]
[Date "1997.07.13"]
[Round "2"]
[White "Kurlyandchik, Evgeni"]
[Black "Taylor, Gordon"]
[Result "0-1"]
[WhiteElo "2100"]
[BlackElo "2394"]
[PlyCount "96"]
[GameId "2160767911932552"]
[EventDate "1997.07.12"]
[EventType "swiss"]
[EventRounds "10"]
[EventCountry "CAN"]
[SourceTitle "EXP 60"]
[Source "ChessBase"]
[SourceDate "1997.11.24"]
[SourceVersion "1"]
[SourceVersionDate "1997.11.24"]
[SourceQuality "1"]

1. e4 c5 2. Nf3 Nc6 3. Bb5 g6 4. Nc3 Bg7 5. O-O d6 6. d4 cxd4 7. Nxd4 Bd7 8. Be3 Nf6 9. h3 O-O 10. Nxc6 Bxc6 11. Bxc6 bxc6 12. Qd3 Qc7 13. Rad1 Rfd8 14. Qc4 Qb7 15. Qb3 Qa6 16. f3 Rdb8 17. Qa4 Qxa4 18. Nxa4 Nd7 19. b3 Nb6 20. Nxb6 axb6 21. a4 b5 22. axb5 Rxb5 23. Bd4 Ra2 24. Bxg7 Kxg7 25. Rf2 Rb2 26. Rd3 Ra5 27. Re2 Rc5 28. Rdd2 g5 29. Kf2 Rc3 30. Kg3 Kg6 31. h4 h5 32. hxg5 Kxg5 33. e5 d5 34. Kf2 h4 35. Kg1 e6 36. Kh2 c5 37. Kh3 Rb1 38. Kh2 Kf4 39. Rf2 Kxe5 40. Kh3 Kf4 41. Kh2 Re3 42. Rfe2 d4 43. Rxe3 Kxe3 44. Rd3+ Kf4 45. Rd2 e5 46. Re2 f5 47. Rd2 Rc1 48. Re2 Rd1 0-1

[Event "CAN-op"]
[Site "Winnipeg CAN"]
[Date "1997.07.13"]
[Round "2"]
[White "Magyar, Peter"]
[Black "Strojevs, Alexander"]
[Result "0-1"]
[WhiteElo "1385"]
[BlackElo "1792"]
[PlyCount "76"]
[GameId "2160767911932554"]
[EventDate "1997.07.12"]
[EventType "swiss"]
[EventRounds "10"]
[EventCountry "CAN"]
[SourceTitle "EXT 2022"]
[Source "ChessBase"]
[SourceDate "2021.10.06"]
[SourceVersion "1"]
[SourceVersionDate "2021.10.06"]
[SourceQuality "1"]

1. e4 c5 2. Nc3 d6 3. g3 Nf6 4. Bg2 Nc6 5. Nge2 g6 6. d3 Bg7 7. Be3 Bd7 8. Qd2 Rb8 9. h3 O-O 10. Bh6 e6 11. Bxg7 Kxg7 12. Nd1 d5 13. Nec3 dxe4 14. Nxe4 b6 15. Ndc3 Nd4 16. O-O Nxe4 17. Bxe4 e5 18. Bg2 Bxh3 19. f4 Bxg2 20. Kxg2 exf4 21. Rxf4 f5 22. Rh1 Qd7 23. Kf1 Qe6 24. Rh6 Rbe8 25. Ne4 fxe4 26. Qh2 Rxf4+ 27. gxf4 Rh8 28. dxe4 Qxe4 29. Rh3 Qxc2 30. Qxc2 Nxc2 31. Rd3 Rf8 32. Rd7+ Rf7 33. Rd2 Rxf4+ 34. Ke2 Nd4+ 35. Kd3 Kf6 36. Rd1 h5 37. Kc4 a5 38. Kd5 h4 0-1

[Event "CAN-op"]
[Site "Winnipeg CAN"]
[Date "1997.07.13"]
[Round "2"]
[White "Neven, Knut"]
[Black "Hodgson, Julian"]
[Result "1/2-1/2"]
[WhiteElo "2235"]
[BlackElo "2590"]
[PlyCount "134"]
[GameId "2160767911932555"]
[EventDate "1997.07.12"]
[EventType "swiss"]
[EventRounds "10"]
[EventCountry "CAN"]
[SourceTitle "CBM 060 Extra"]
[Source "ChessBase"]
[SourceDate "1997.11.04"]
[SourceVersion "1"]
[SourceVersionDate "1997.11.04"]
[SourceQuality "1"]

1. c4 e5 2. Nc3 Nc6 3. g3 Nf6 4. Bg2 Bc5 5. e3 d5 6. cxd5 Nb4 7. d3 Nfxd5 8. Nxd5 Nxd5 9. a3 O-O 10. Ne2 a5 11. O-O c6 12. Bd2 Bg4 13. h3 Bh5 14. Rc1 Bb6 15. g4 Bg6 16. e4 Nc7 17. Bc3 Re8 18. Kh1 a4 19. f4 exf4 20. Nxf4 Ne6 21. Nxe6 Rxe6 22. Qe2 Qd6 23. Rcd1 Bd4 24. Bxd4 Qxd4 25. Qf2 Rd8 26. Qxd4 Rxd4 27. Rfe1 Re5 28. Kg1 Rb5 29. Rd2 h5 30. Kf2 hxg4 31. hxg4 c5 32. Ke3 Rd6 33. Rc1 Rdb6 34. Rcc2 f6 35. Bf3 Bf7 36. Rg2 g5 37. Rcf2 Kg7 38. Bd1 Bb3 39. Bxb3 Rxb3 40. Rc2 Rc6 41. Rc3 Rxc3 42. bxc3 Rb6 43. Ra2 Rb3 44. Kd2 Rb1 45. Kc2 Rg1 46. Rb2 Rxg4 47. Rxb7+ Kg6 48. Rc7 Rg2+ 49. Kd1 g4 50. Rxc5 g3 51. Ke1 Rd2 52. Kf1 Rxd3 53. Kg2 Rd2+ 54. Kxg3 Ra2 55. Kf4 Rxa3 56. Ra5 Ra1 57. Ke3 a3 58. Kd3 a2 59. Kc4 Kf7 60. Kb3 Re1 61. Rxa2 Rxe4 62. c4 f5 63. Kb4 f4 64. Rf2 Ke6 65. Kb5 Kd7 66. Kc5 Re5+ 67. Kd4 Rf5 1/2-1/2

[Event "CAN-op"]
[Site "Winnipeg CAN"]
[Date "1997.07.13"]
[Round "2"]
[White "Nogueiras, Jesus"]
[Black "Brasket, Curt"]
[Result "1-0"]
[WhiteElo "2535"]
[BlackElo "2230"]
[PlyCount "133"]
[GameId "2160767911932556"]
[EventDate "1997.07.12"]
[EventType "swiss"]
[EventRounds "10"]
[EventCountry "CAN"]
[SourceTitle "CBM 060 Extra"]
[Source "ChessBase"]
[SourceDate "1997.11.04"]
[SourceVersion "1"]
[SourceVersionDate "1997.11.04"]
[SourceQuality "1"]

1. Nf3 d6 2. d4 f5 3. g3 g6 4. Bg2 Bg7 5. O-O Nf6 6. c3 O-O 7. Nbd2 Kh8 8. Qb3 c6 9. Re1 Na6 10. e4 d5 11. exf5 gxf5 12. Ne5 Ne4 13. Ndf3 e6 14. Bf4 Nc7 15. a4 Ne8 16. a5 a6 17. Qb4 N8d6 18. Nd3 Kg8 19. Nfe5 Nb5 20. f3 Ned6 21. Qa4 Re8 22. Qc2 Nf7 23. Nxf7 Kxf7 24. Re2 Kg8 25. Qa4 Bf8 26. Rae1 Bd6 27. Bh3 Bxf4 28. Nxf4 Qf6 29. Nd3 Nd6 30. Qb4 Nb5 31. Re5 Rf8 32. Nc5 Nc7 33. Na4 Rb8 34. Nb6 Qd8 35. Na4 Rf7 36. Nc5 Qf8 37. Nd3 Qxb4 38. Nxb4 Bd7 39. Nd3 Rbf8 40. Nc5 Bc8 41. g4 fxg4 42. Bxg4 Rf6 43. R1e2 Rg6 44. Rg2 Rff6 45. Rg3 Kf8 46. Kf2 Ke7 47. Bh5 Rxg3 48. hxg3 Rf5 49. Ke3 Nb5 50. Bg4 Rf6 51. Rh5 h6 52. Bh3 Nd6 53. Bf1 Bd7 54. g4 Be8 55. Rh1 Bd7 56. Bd3 Bc8 57. f4 Nf7 58. Rh5 Nd6 59. b3 Bd7 60. g5 hxg5 61. fxg5 Rf7 62. g6 Rg7 63. Rh7 Ne8 64. Nxb7 Kf6 65. Nc5 Bc8 66. Rxg7 Kxg7 67. Nxa6 1-0

[Event "CAN-op"]
[Site "Winnipeg CAN"]
[Date "1997.07.13"]
[Round "2"]
[White "Ottosen, David"]
[Black "Kulczycki, Michael"]
[Result "1/2-1/2"]
[WhiteElo "2040"]
[BlackElo "1722"]
[PlyCount "101"]
[GameId "2160767911932557"]
[EventDate "1997.07.12"]
[EventType "swiss"]
[EventRounds "10"]
[EventCountry "CAN"]
[SourceTitle "EXP 60"]
[Source "ChessBase"]
[SourceDate "1997.11.24"]
[SourceVersion "1"]
[SourceVersionDate "1997.11.24"]
[SourceQuality "1"]

1. e4 c6 2. Nc3 d5 3. Nf3 dxe4 4. Nxe4 Nf6 5. Ng3 Bg4 6. h3 Bxf3 7. Qxf3 Qd5 8. Be2 Qxf3 9. Bxf3 Nbd7 10. d4 e6 11. O-O g6 12. a4 Bg7 13. a5 a6 14. c4 O-O 15. Be3 Rfe8 16. b4 e5 17. dxe5 Nxe5 18. Be2 h5 19. Rfd1 Rad8 20. Bb6 Rxd1+ 21. Rxd1 h4 22. Nf1 Bf8 23. b5 Ned7 24. Be3 Bb4 25. bxc6 bxc6 26. Nh2 Bc5 27. Ng4 Bxe3 28. Nxe3 Re5 29. Bf3 Rxa5 30. Bxc6 Nf8 31. Nd5 Kg7 32. Nxf6 Kxf6 33. Rd5 Rxd5 34. cxd5 Ke5 35. Kf1 Nh7 36. Be8 Kf6 37. Ke2 Ke7 38. Bc6 Nf6 39. Kd3 Kd6 40. Kd4 a5 41. g3 g5 42. Ba4 Nd7 43. Bb5 Nb6 44. Bd3 a4 45. Bb1 Nxd5 46. Ba2 Nb4 47. Bxf7 a3 48. Ke4 Ke7 49. Bb3 hxg3 50. fxg3 Kf6 51. h4 1/2-1/2

[Event "CAN-op"]
[Site "Winnipeg CAN"]
[Date "1997.07.13"]
[Round "2"]
[White "Psakhis, Lev"]
[Black "Rasmussen, Barry"]
[Result "1-0"]
[WhiteElo "2611"]
[BlackElo "2240"]
[PlyCount "75"]
[GameId "2160767911932558"]
[EventDate "1997.07.12"]
[EventType "swiss"]
[EventRounds "10"]
[EventCountry "CAN"]
[SourceTitle "EXP 60"]
[Source "ChessBase"]
[SourceDate "1997.11.24"]
[SourceVersion "1"]
[SourceVersionDate "1997.11.24"]
[SourceQuality "1"]

1. c4 e5 2. Nc3 Nf6 3. Nf3 Nc6 4. g3 d5 5. cxd5 Nxd5 6. Bg2 Nb6 7. O-O Be7 8. a3 O-O 9. b4 Be6 10. Rb1 f6 11. d3 a5 12. b5 Nd4 13. Nxd4 exd4 14. Na4 Bd5 15. Nxb6 cxb6 16. a4 Bxg2 17. Kxg2 Qd5+ 18. Kg1 Rac8 19. Bb2 f5 20. Rc1 Bg5 21. Rc4 Bf6 22. Qb3 Rfe8 23. Rfc1 Rcd8 24. Qd1 Qe6 25. R1c2 f4 26. Qf1 fxg3 27. hxg3 Qg4 28. e4 Be5 29. Ba3 Re6 30. Rc8 Ree8 31. Rxd8 Rxd8 32. Qe2 h5 33. Kg2 g5 34. Qxg4 hxg4 35. Be7 Rd7 36. Bxg5 Rf7 37. Bf4 Bxf4 38. gxf4 1-0

[Event "CAN-op"]
[Site "Winnipeg CAN"]
[Date "1997.07.13"]
[Round "2"]
[White "Roque, Rodolfo"]
[Black "Tuason, Alfred"]
[Result "1-0"]
[WhiteElo "1920"]
[BlackElo "1576"]
[PlyCount "85"]
[GameId "2160767911932559"]
[EventDate "1997.07.12"]
[EventType "swiss"]
[EventRounds "10"]
[EventCountry "CAN"]
[SourceTitle "EXP 60"]
[Source "ChessBase"]
[SourceDate "1997.11.24"]
[SourceVersion "1"]
[SourceVersionDate "1997.11.24"]
[SourceQuality "1"]

1. e4 e6 2. d4 d5 3. Bd3 h6 4. Nf3 Nf6 5. e5 Nfd7 6. O-O c5 7. c3 Nc6 8. Qe2 Qc7 9. Nbd2 b6 10. Re1 Bb7 11. Bb1 c4 12. h3 Be7 13. Nh2 O-O-O 14. b3 b5 15. Bb2 f5 16. a4 a6 17. axb5 axb5 18. bxc4 bxc4 19. Bc2 Nb6 20. Ba3 Bxa3 21. Rxa3 Kd7 22. Qh5 Kc8 23. Rea1 Qe7 24. Qd1 Kc7 25. Qb1 Ra8 26. R3a2 Rxa2 27. Rxa2 Ra8 28. Rb2 Ra6 29. Ba4 Qa3 30. Bb5 Qa1 31. Bxa6 Qxb1+ 32. Rxb1 Bxa6 33. Nhf3 g5 34. g4 f4 35. h4 gxh4 36. Nxh4 Ne7 37. Kg2 Nd7 38. Kf3 Nf8 39. Kxf4 Nfg6+ 40. Nxg6 Nxg6+ 41. Kg3 Bc8 42. f4 Bd7 43. Rh1 1-0

[Event "CAN-op"]
[Site "Winnipeg CAN"]
[Date "1997.07.13"]
[Round "2"]
[White "Sasikiran, Krishnan"]
[Black "Grant, Carl"]
[Result "1-0"]
[WhiteElo "2430"]
[BlackElo "2125"]
[PlyCount "59"]
[GameId "2160767911932560"]
[EventDate "1997.07.12"]
[EventType "swiss"]
[EventRounds "10"]
[EventCountry "CAN"]
[SourceTitle "EXP 60"]
[Source "ChessBase"]
[SourceDate "1997.11.24"]
[SourceVersion "1"]
[SourceVersionDate "1997.11.24"]
[SourceQuality "1"]

1. d4 Nf6 2. Nf3 e6 3. Bg5 d5 4. e3 c6 5. Nbd2 Nbd7 6. Bd3 Be7 7. O-O O-O 8. Qe2 Re8 9. c4 dxc4 10. Nxc4 Nd5 11. Bxe7 Qxe7 12. Rac1 c5 13. Bb1 cxd4 14. Nxd4 a6 15. Rfd1 N7b6 16. Nxb6 Nxb6 17. Qh5 g6 18. Qa5 Nd5 19. e4 b6 20. Qd2 Nf6 21. Nc6 Qf8 22. Qf4 Kg7 23. Qc7 b5 24. b4 Kh8 25. a3 Ng8 26. e5 f5 27. f4 Qg7 28. Qxg7+ Kxg7 29. Ba2 Bb7 30. Rd7+ 1-0

[Event "CAN-op"]
[Site "Winnipeg CAN"]
[Date "1997.07.13"]
[Round "2"]
[White "Spraggett, Kevin"]
[Black "Sasata, Robert"]
[Result "1-0"]
[WhiteElo "2617"]
[BlackElo "2317"]
[PlyCount "105"]
[GameId "2160767911932562"]
[EventDate "1997.07.12"]
[EventType "swiss"]
[EventRounds "10"]
[EventCountry "CAN"]
[SourceTitle "EXP 60"]
[Source "ChessBase"]
[SourceDate "1997.11.24"]
[SourceVersion "1"]
[SourceVersionDate "1997.11.24"]
[SourceQuality "1"]

1. e4 e5 2. Nf3 Nc6 3. Bb5 f5 4. Nc3 fxe4 5. Nxe4 d5 6. Ng3 Bg4 7. h3 Bxf3 8. Qxf3 Nf6 9. Nh5 Qd6 10. Nxf6+ gxf6 11. Qh5+ Kd7 12. c3 Rd8 13. O-O Kc8 14. d4 Kb8 15. Be3 exd4 16. cxd4 Na5 17. Rac1 Qb4 18. Qe2 Nc4 19. Bxc4 dxc4 20. Qxc4 Qxc4 21. Rxc4 Bd6 22. Re1 c6 23. Kf1 Rhe8 24. f3 h5 25. Bf2 Rxe1+ 26. Bxe1 f5 27. b3 Rd7 28. Bf2 Bc7 29. Rc5 Rf7 30. Rc2 Kc8 31. d5 cxd5 32. Rc5 Kd7 33. Rxd5+ Ke6 34. Rd4 Bb6 35. Rh4 Bxf2 36. Kxf2 Rc7 37. Rxh5 Rc2+ 38. Kg3 Rxa2 39. Rh7 b6 40. h4 Ra3 41. h5 Kf6 42. Kh4 Rxb3 43. Rxa7 Rb1 44. g4 fxg4 45. fxg4 Rh1+ 46. Kg3 Rg1+ 47. Kf3 Rf1+ 48. Kg2 Rc1 49. Rb7 Rc6 50. Kg3 Kg5 51. Rg7+ Kh6 52. Rd7 b5 53. Rb7 1-0

[Event "CAN-op"]
[Site "Winnipeg CAN"]
[Date "1997.07.13"]
[Round "2"]
[White "Stefansson, Hannes"]
[Black "Kaptsan, Aron"]
[Result "1-0"]
[WhiteElo "2545"]
[BlackElo "2227"]
[PlyCount "45"]
[GameId "2160767911932563"]
[EventDate "1997.07.12"]
[EventType "swiss"]
[EventRounds "10"]
[EventCountry "CAN"]
[SourceTitle "EXP 60"]
[Source "ChessBase"]
[SourceDate "1997.11.24"]
[SourceVersion "1"]
[SourceVersionDate "1997.11.24"]
[SourceQuality "1"]

1. e4 g6 2. d4 Bg7 3. Nc3 d6 4. f4 c6 5. Nf3 Qb6 6. Bc4 Nf6 7. e5 dxe5 8. fxe5 Nd5 9. O-O Be6 10. Na4 Qa5 11. Bb3 Bg4 12. c4 b5 13. Bd2 Qd8 14. cxb5 cxb5 15. Nc3 Nxc3 16. bxc3 O-O 17. h3 Bf5 18. Ng5 e6 19. g4 Bd3 20. Rxf7 Rxf7 21. Bxe6 Bc4 22. Nxf7 Qh4 23. Be1 1-0